Clubs de football français de A à Z - Statistiques

Statistiques générales
  • Ce quiz a été pris 154 fois
    143 depuis la dernière actualisation
  • Le résultat moyen est 13 sur 26
Statistiques - réponses
Lettre Indice Réponse % Correct
M Il est le premier club français à avoir remporter la Ligue des Champions Olympique de Marseille
80%
A Ce club valide sa première montée en Ligue 1 dans un multiplex légendaire lors de la saison 2016-2017 Amiens SC
77%
F Sa ville abrite le plus grand centre pénitencier français et est associée à Mérogis pour former son nom complet FC Fleury 91
72%
P En 2025, il rejoint son rival historique en ajoutant une ligne à son palmarès Paris SG
72%
R Souvent moqué pour son armoire à trophée "vide", il est le club français ayant participé le plus de fois à la Ligue 1 sans jamais la remporter. Stade Rennais FC
71%
T Club du Var, le club de Rugby de cette même ville est beaucoup plus connu SC Toulon
67%
Q Club de la métropole de Rouen, il mène une épopée folle en coupe de France 2012 en éliminant notamment Marseille en 1/4 et Rennes en 1/2, finissant par perdre en finale, faisant gagner le dernier trophée en date à l'Olympique Lyonnais US Quevilly Rouen Métropole
67%
G Son stade a une capacité plus grande que la population de sa ville EA Guingamp
63%
X Celui-là je vous l'offre : FCA Xertigny FCA Xertigny
63%
I Club ayant fait 1 saison en Ligue 1, la terminant à la 20e place en 2004-2005 Istres FC
63%
V Trois de ses joueurs auraient été payés par un club adverse en 1993 Valenciennes FC
63%
B Le premier club français à avoir adopter le modèle de socios, il est également le club formateur de Wahbi Khazri SC Bastia
60%
C Il est le premier club pro masculin a avoir eu une femme pour entraineur (Corinne Diacre) Clermont Foot 63
56%
S Sans les poteaux carrés, l'indice "M" aurait pu fonctionner ici AS Saint-Etienne
55%
E Ce club a connu une ascension fulgurante, comme l'a été sa chute, jusqu'à sa disparition Evian Thonon Gaillard
54%
D Un animal marin se trouve sur le logo du club USL Dunkerque
53%
N Surnommé Les Chardons, il est le club qui a mis en lumière le seul joueur français à avoir gagner plusieurs Ballon d'Or (3) AS Nancy-Lorraine
52%
O Sa ville est associée à l'une des femmes les plus connues, née à Domrémy US Orléans
51%
L Le "club doyen" Le Havre AC
45%
H Il fait parti des clubs ayant participé au premier championnat de première division, Franck Leboeuf et Yohan Mollo y ont joué Hyères FC
32%
J Le club porte le nom de son département ainsi qu'un point cardinal Jura Sud Foot
30%
U Club d'une ville en 4 lettres, dans le Gard, associé à "Pont du Gard" ESP Uzès
29%
W Club de la banlieue de Lille Wasquehal Football | US Wattrelos
25%
Y Le seul club trouvé pour cette lettre, il s'agit d'un homonyme de la réponse "H" V Yerres CAF
16%
Z Sa ville donne son nom à un livre de Robert Merle Weekend à ... / Le nom de la ville signifierai "Côte du Sud" ou "Cabane de sel" en Flamand FC Zuydcoote
5%
K Club ultramarin, basé à Wé en Nouvelle-Calédonie (Si vous le trouvez vous êtes très fort !) AS Kirikitr
1%
Aucun quiz correspondant
Distribution des résultats
% des personnes avec chaque résultat
Percentile par nombre de réponses
Votre historique - résultats
Vous n’avez pas pris ce quiz depuis la dernière actualisation